Dialectic, The Myths of Plato, Metaphor and the Trascendent in the World (Record no. 528648)

000 -CABECERA
Campo de control de longitud fija 00513nab a2200145Ia 4500
003 - IDENTIFICADOR DEL NÚMERO DE CONTROL
Campo de control ES-SlBCS
005 - FECHA Y HORA DE LA ÚLTIMA TRANSACCIÓN
Campo de control 20210601125331.0
008 - CÓDIGOS DE INFORMACIÓN DE LONGITUD FIJA
Campo de control de longitud fija 140529s1971 xxu||||| |||| 00| 0 eng d
041 ## - CÓDIGO DE LENGUA
Código de lengua del texto/banda sonora o título independiente eng
100 1# - PUNTO DE ACCESO PRINCIPAL-NOMBRE DE PERSONA
Nombre de persona Gaffney, Susan Karutis
9 (RLIN) 156933
245 00 - MENCIÓN DE TÍTULO
Título Dialectic, The Myths of Plato, Metaphor and the Trascendent in the World
Mención de responsabilidad, etc. Susan Karutis Gaffney
600 04 - PUNTO DE ACCESO ADICIONAL DE MATERIA-NOMBRE DE PERSONA
Nombre personal Platón-Mitos
9 (RLIN) 156934
773 0# - ENLACE AL DOCUMENTO FUENTE
Título Proceedings of the American Catholic Philosophical Association
Parte(s) relacionada(s) vol. 45, 1971, págs. 77-85
Número de control del registro relacionado Rev836
942 ## - ENTRADA DE ELEMENTOS AGREGADOS (KOHA)
Koha [por defecto] tipo de item Artículos de revista
Holdings
Suprimido Perdido Estropeado No para préstamo Localización permanente Localización actual Localización en estantería Fecha adquisición Préstamos totales Fecha última consulta Fecha del precio de reemplazo Tipo de item de Koha
        San Esteban San Esteban Depósito de revistas 11/07/2014   11/07/2014 11/07/2014 Artículos de revista

Bibliotecas Dominicos Provincia Hispania, 2016

Con tecnología Koha